New perspectives for research on juvenile delinquency, (Record no. 90971)
[ view plain ]
| 000 -LEADER | |
|---|---|
| fixed length control field | 01160cam a22002651 4500 |
| 001 - CONTROL NUMBER | |
| control field | ss 56000118 |
| 003 - CONTROL NUMBER IDENTIFIER | |
| control field | DLC |
| 005 - DATE AND TIME OF LATEST TRANSACTION | |
| control field | 20260227112752.0 |
| 008 - FIXED-LENGTH DATA ELEMENTS--GENERAL INFORMATION | |
| fixed length control field | 790412s1956 dcu f000 0 eng c |
| 010 ## - LIBRARY OF CONGRESS CONTROL NUMBER | |
| LC control number | ss 56000118 |
| 035 ## - SYSTEM CONTROL NUMBER | |
| System control number | (OCoLC)4851887 |
| 040 ## - CATALOGING SOURCE | |
| Original cataloging agency | U.S. Social Security Administration. Library |
| Transcribing agency | MChB |
| Modifying agency | OCoLC |
| -- | ISS |
| -- | DLC |
| 042 ## - AUTHENTICATION CODE | |
| Authentication code | premarc |
| 050 00 - LIBRARY OF CONGRESS CALL NUMBER | |
| Classification number | HV9058 |
| Item number | .W5 |
| 082 ## - DEWEY DECIMAL CLASSIFICATION NUMBER | |
| Classification number | 364.36 |
| 086 0# - GOVERNMENT DOCUMENT CLASSIFICATION NUMBER | |
| Classification number | FS 3.209:356 |
| 100 1# - MAIN ENTRY--PERSONAL NAME | |
| Personal name | Witmer, Helen Leland, |
| Relator term | ed. |
| 245 10 - TITLE STATEMENT | |
| Title | New perspectives for research on juvenile delinquency, |
| Remainder of title | a report of a conference on the relevance and interrelations of certan concepts from sociology and psychiatry for delinquency, held May 6 and 7, 1955. |
| Statement of responsibility, etc. | Editors, Helen L. Witmer [and] Ruth Kotinsky. |
| 260 ## - PUBLICATION, DISTRIBUTION, ETC. | |
| Place of publication, distribution, etc. | Washington, |
| Name of publisher, distributor, etc. | U.S. Dept. of Health, Education, and Welfare, Social Securtiy Administration, Children's Bureau |
| Date of publication, distribution, etc. | [1956] |
| 300 ## - PHYSICAL DESCRIPTION | |
| Extent | vii, 92 p. |
| Dimensions | 23 cm. |
| 490 1# - SERIES STATEMENT | |
| Series statement | United States. Children's Bureau. Publication, |
| Volume/sequential designation | no. 356 |
| 650 #0 - SUBJECT ADDED ENTRY--TOPICAL TERM | |
| Topical term or geographic name entry element | Juvenile delinquency |
| Form subdivision | Congresses. |
| 700 1# - ADDED ENTRY--PERSONAL NAME | |
| Personal name | Kotinsky, Ruth, |
| Dates associated with a name | 1903-1955, |
| Relator term | ed. |
| 830 #0 - SERIES ADDED ENTRY--UNIFORM TITLE | |
| Uniform title | Bureau publication (United States. Children's Bureau) ; |
| Volume/sequential designation | no. 356. |
No items available.